Polskie miasta - ZDJĘCIA - Statystyki

Ogólne statystyki
  • Ten quiz został rozwiązany 127 razy
  • Średni wynik to 9 z 15
Statystyki odpowiedzi
Obrazkowy Odpowiedź % Poprawnych
Warszawa
100%
Gdańsk
98%
Kraków
91%
Katowice
88%
Zakopane
82%
Malbork
81%
Oświęcim
81%
Wieliczka
55%
Wrocław
49%
Zamość
47%
Wałbrzych
39%
Karpacz
36%
Białystok
35%
Kudowa-Zdrój
20%
Jawor
17%
Nie znaleziono quizów pasujących do podanych kryteriów
Rozkład punktacji
Procent ludzi z każdym wynikiem
Percentyl według liczby udzielonych odpowiedzi
Twoja historia wyników
Nie rozwiązałeś tego quizu